• 首页
  • 本馆介绍
  • 公告通知
  • 最新文献
  • 馆藏检索
  • 电子资源
  • 读者导购
  • 参考咨询
  • 我的图书馆
  • 登录
  • 详细信息显示
  • 放入我的书架
  • 预约/预借图书
  • 作者相关作品
  • 分类相关作品
  • 丛书相关作品
  • 出版社相关作品

书目信息

  • 表格格式
  • 工作单格式
  • 卡片格式
题名:
我的教育守望
    
 
作者: 郭浩 著
分册:  
出版信息: 兰州   敦煌文艺出版社  2021.08
页数: 12,236页
开本: 24cm
丛书名:
单 册:
中图分类: G633.412-53 , G635.16-53
科图分类:
主题词: 英语课--教学研究--中学--文集 , 中学--班主任工作--文集
电子资源:
ISBN: 978-7-5468-1683-8
000 00965nam0 2200253 450
001 012001000805
005 20140201082734.0
010    @a978-7-5468-1683-8@dCNY36.00
100    @a20220905d2019 em y0chiy50 ea
101 0  @achi
102    @aCN@b620000
105    @aa z 000yy
106    @ar
200 1  @a我的教育守望@Awo de jiao yu shou wang@f郭浩著
210    @a兰州@c敦煌文艺出版社@d2021.08
215    @a12,236页@c彩照@d24cm
330    @a本书作者以自己二十余年的中学英语教师及班主任工作积累为基础,时而感悟,时而反思,时而讲述,时而怀念。用饱含真情的文字和生动鲜活的事例记录下自己对教育事业的守望和憧憬,以及对“教师”这一职业的的深情与热爱。书稿行文朴实而真诚,轻快又不失厚重,饱满而有文采,富有正能量。
606 0  @a英语课@x教学研究@x中学@j文集
606 0  @a中学@x班主任工作@j文集
690    @aG633.412-53@v5
690    @aG635.16-53@v5
701  0 @a郭浩@Aguo hao@4著
801  0 @aCN@bAHXH@c20221111
905    @b1365098-102@dG633.412-53@e1030@f5
    
    我的教育守望/郭浩著.-兰州:敦煌文艺出版社,2021.08
    12,236页:彩照;24cm
    
    
    ISBN 978-7-5468-1683-8:CNY36.00
    本书作者以自己二十余年的中学英语教师及班主任工作积累为基础,时而感悟,时而反思,时而讲述,时而怀念。用饱含真情的文字和生动鲜活的事例记录下自己对教育事业的守望和憧憬,以及对“教师”这一职业的的深情与热爱。书稿行文朴实而真诚,轻快又不失厚重,饱满而有文采,富有正能量。
●
相关链接 在E读中查询图书 在五车中查询图书 在当当中查询图书 在豆瓣中查询图书


正题名:我的教育守望     索取号:G633.412-53/1030         预约/预借

序号 登录号 条形码 馆藏地/架位号 状态 备注
1 1365098   213650985   第一样本阅览室/ [索取号:G633.412-53/1030] 在馆    
2 1365099   213650994   教育系资料室/ [索取号:G633.412-53/1030] 在馆    
3 1365100   213651001   教育系资料室/ [索取号:G633.412-53/1030] 在馆    
4 1365101   213651010   第四借阅区/ [索取号:G633.412-53/1030] 在馆    
5 1365102   213651029   第四借阅区/ [索取号:G633.412-53/1030] 在馆    
唐山师范学院图书馆 欢迎您!
大连网信软件有限公司© 版权所有